Fundamental managerial accounting concepts
Tallennettuna:
| Päätekijä: | |
|---|---|
| Aineistotyyppi: | Kirja |
| Kieli: | Undetermined |
| Julkaistu: |
Boston, MA.
McGraw-Hill/Irwin
2006
|
| Aiheet: | |
| Tagit: |
Lisää tagi
Ei tageja, Lisää ensimmäinen tagi!
|
| Thư viện lưu trữ: | Trung tâm Học liệu Trường Đại học Cần Thơ |
|---|
| LEADER | 00601nam a2200193Ia 4500 | ||
|---|---|---|---|
| 001 | CTU_214252 | ||
| 008 | 210402s9999 xx 000 0 und d | ||
| 082 | |a 658.1511 | ||
| 082 | |b F981 | ||
| 100 | |a Edmonds, Thomas P. ... [et al.] | ||
| 245 | 0 | |a Fundamental managerial accounting concepts | |
| 245 | 0 | |c Thomas P. Edmonds ... [et al.] | |
| 260 | |a Boston, MA. | ||
| 260 | |b McGraw-Hill/Irwin | ||
| 260 | |c 2006 | ||
| 650 | |a Managerial accounting | ||
| 904 | |i Tuyến | ||
| 910 | |a Sách kèm theo đĩa CD có số : AVA.000016 | ||
| 980 | |a Trung tâm Học liệu Trường Đại học Cần Thơ | ||